| 000 | 00613nam a2200229 a 4500 | ||
|---|---|---|---|
| 001 | nice12345678 | ||
| 003 | IN_TiNIC | ||
| 005 | 20260116013910.0 | ||
| 008 | 050524s1993 newa grp 000 0 eng | ||
| 020 |
_a8170366 _c250 |
||
| 082 | 0 | 0 |
_a305.40954 _bVYA |
| 100 | _aVyas, Anju | ||
| 245 |
_aWomen`s Studies in India _b Information Sources Services Group Programmes |
||
| 260 |
_aNew Delhi _bSage Publications _c1993 |
||
| 300 | _a257p | ||
| 500 | _aincludes index and biblioraphy | ||
| 505 | 2 | _aIndex | |
| 650 | _aWomen-India-Bibliography | ||
| 902 | _bSRS | ||
| 942 | _cBK | ||
| 999 |
_c13018 _d13018 |
||